00848nam a2200193 a 450000100100000000500170001000800410002702000150006804000250008308200100010824501250011826000540024330000410029770000370033870000400037595201090041595201150052499900150063900000178720200929145712.0090629s2006 ck a 000 0 spa d a9592112495 aDO-SdBNPbspacBNPHU aC568m00aCicatrices en la memoria :bcolectivo de autores /cRoberto Fernández Retamar...[et al] ; editor Eduardo Heras León. aLa Habana :bEditorial Capitán San Luis,c2006. a206,[10] p. :bil., retrs. ;c23 cm.12aFernández Retamar,Robert957991 aHeras León, Eduardoeeditor95800 001050718MOaGRbGRcHDd2009-06-29iLF1l0oC568m p1787-10r2020-06-25w2020-06-25y1ZNo se presta 001050718MOaGRbGRcHDd2009-06-29iLF1l0oC568m p1787-20r2020-06-25te. 2w2020-06-25y1ZNo se presta c1664d1664